Govt. of
Madhya Pradesh

संस्‍मरण : अवनीन्‍द्रनाथ ठाकुर (Record no. 46373)

MARC details
000 -LEADER
fixed length control field 006600000a22001690004500
003 - CONTROL NUMBER IDENTIFIER
control field MACL
005 - DATE AND TIME OF LATEST TRANSACTION
control field 20160506161227.0
008 - FIXED-LENGTH DATA ELEMENTS--GENERAL INFORMATION
fixed length control field 160506b xxu||||| |||| 00| 0 eng d
040 ## - CATALOGING SOURCE
Original cataloging agency MACL
Transcribing agency MACL
041 ## - LANGUAGE CODE
Language code of text/sound track or separate title Hindi
082 ## - DEWEY DECIMAL CLASSIFICATION NUMBER
Classification number 800 THA
100 ## - MAIN ENTRY--PERSONAL NAME
Personal name ठाकुर, अवनीन्‍द्रनाथ
9 (RLIN) 55508
245 ## - TITLE STATEMENT
Title संस्‍मरण : अवनीन्‍द्रनाथ ठाकुर
Remainder of title जोडासांकोर धारे
Statement of responsibility, etc. अवनीन्‍द्रनाथ ठाकुर
260 ## - PUBLICATION, DISTRIBUTION, ETC. (IMPRINT)
Place of publication, distribution, etc. जयपुर
Name of publisher, distributor, etc. अनु प्रकाशन
Date of publication, distribution, etc. 2011
650 ## - SUBJECT ADDED ENTRY--TOPICAL TERM
Topical term or geographic name as entry element संस्‍मरण
9 (RLIN) 54854
942 ## - ADDED ENTRY ELEMENTS (KOHA)
Koha item type Hindi Books
Source of classification or shelving scheme
Holdings
Withdrawn status Lost status Source of classification or shelving scheme Damaged status Not for loan Home library Current library Date acquired Cost, normal purchase price Total Checkouts Full call number Barcode Date last seen Uniform Resource Identifier Price effective from Koha item type
          MACL MACL 15/04/2015 250.00   800 THA CRH026956 29/04/2015 46880 15/04/2015 Books